[Event "Suedniedersachsen distr-ch"]
[Site "Bad Salzdetfurth"]
[Date "2004.10.17"]
[Round "4"]
[White "Paulat, Horst"]
[Black "Holloway, Timo"]
[Result "0-1"]
[WhiteElo "1566"]
[BlackElo "1623"]
[PlyCount "100"]
[EventDate "2004.10.15"]
[EventType "swiss"]
[EventRounds "5"]
[EventCountry "GER"]
[SourceTitle "EXT 2008"]
[Source "ChessBase"]
[SourceDate "2007.11.25"]
[SourceVersion "1"]
[SourceVersionDate "2007.11.25"]
[SourceQuality "1"]

1. d4 d5 2. Nf3 e6 3. e3 f5 4. Ne5 Nf6 5. Bd3 Bd6 6. Nd2 Nbd7 7. Nxd7 Bxd7 8. c4 c6 9. c5 Bc7 10. a3 0-0 11. f4 Ne4 12. Bxe4 fxe4 13. 0-0 Kh8 14. b4 g5 15. fxg5 Qxg5 16. Rxf8+ Rxf8 17. Nf1 e5 18. Bb2 Qf6 19. Qe1 exd4 20. Ra2 Be5 21. Bxd4 Bxd4 22. exd4 Qxd4+ 23. Qe3 Qxe3+ 24. Nxe3 Kg7 25. Rf2 Rxf2 26. Kxf2 Kf6 27. Nc2 Ke5 28. Ke3 Kf5 29. a4 Ke5 30. a5 h5 31. Nd4 a6 32. Nc2 Bg4 33. h3 Bd1 34. Ne1 d4+ 35. Kd2 Bb3 36. g3 Be6 37. h4 Kd5 38. Ng2 Kc4 39. Nf4 Bg4 40. Kc1 Kxb4 41. Ng6 Kxc5 42. Ne5 Be6 43. Ng6 e3 44. Ne5 Kd5 45. Nd3 Bf7 46. Kd1 Ke4 47. Nf4 Kf3 48. Ne2 d3 49. Ke1 d2+ 50. Kd1 Bb3# 0-1

[Event "Suedniedersachsen distr-ch"]
[Site "Bad Salzdetfurth"]
[Date "2004.10.15"]
[Round "1"]
[White "Kobs, Stephan"]
[Black "Paulat, Horst"]
[Result "1-0"]
[WhiteElo "1942"]
[BlackElo "1566"]
[PlyCount "53"]
[EventDate "2004.10.15"]
[EventType "swiss"]
[EventRounds "5"]
[EventCountry "GER"]
[SourceTitle "EXT 2008"]
[Source "ChessBase"]
[SourceDate "2007.11.25"]
[SourceVersion "1"]
[SourceVersionDate "2007.11.25"]
[SourceQuality "1"]

1. e4 d5 2. exd5 Qxd5 3. Nc3 Qa5 4. b4 Qxb4 5. Rb1 Qd6 6. d4 c6 7. Nf3 Bg4 8. Rxb7 Nf6 9. Be2 e6 10. 0-0 Be7 11. h3 Bh5 12. Bg5 Nbd7 13. Bh4 0-0 14. Bg3 Qa3 15. Rb3 Qa5 16. Qb1 Nd5 17. Nxd5 cxd5 18. Rb7 Bxf3 19. Bxf3 Qd8 20. Bc7 Qc8 21. Be2 Nb8 22. Qb2 Re8 23. Rb1 Nc6 24. Qc3 Nb8 25. Rxb8 Rxb8 26. Rxb8 Qd7 27. Bb5 1-0

[Event "Bad Harzburg op 1st"]
[Site "Bad Harzburg"]
[Date "1999.11.27"]
[Round "6.22"]
[White "Paulat, Horst"]
[Black "Hoppe, Ronald"]
[Result "0-1"]
[WhiteElo "1420"]
[BlackElo "1143"]
[PlyCount "50"]
[EventDate "1999.11.24"]
[EventType "swiss"]
[EventRounds "7"]
[EventCountry "GER"]
[SourceTitle "EXT 2023"]
[Source "ChessBase"]
[SourceDate "2022.10.05"]
[SourceVersion "1"]
[SourceVersionDate "2022.10.05"]
[SourceQuality "1"]

1. d4 d5 2. Nf3 e6 3. e3 Nf6 4. Bd3 Nbd7 5. 0-0 Bd6 6. Nbd2 c6 7. Re1 0-0 8. c3 Qc7 9. e4 dxe4 10. Nxe4 Nxe4 11. Bxe4 Nf6 12. Ne5 Rd8 13. Bg5 Bxe5 14. Bxh7+ Nxh7 15. Bxd8 Bxh2+ 16. Kh1 Qxd8 17. Kxh2 Qh4+ 18. Kg1 Nf6 19. f3 Nh5 20. Re4 Qg5 21. Qe1 Bd7 22. Qf2 Nf4 23. Kf1 Kf8 24. Rd1 Ke7 25. g3 Qb5+ 0-1

[Event "Bad Harzburg op 1st"]
[Site "Bad Harzburg"]
[Date "1999.11.27"]
[Round "5"]
[White "Paulat, Horst"]
[Black "Riewe, Helmuth"]
[Result "0-1"]
[WhiteElo "1420"]
[BlackElo "1238"]
[PlyCount "144"]
[EventDate "1999.11.24"]
[EventType "swiss"]
[EventRounds "7"]
[EventCountry "GER"]
[SourceTitle "EXT 2023"]
[Source "ChessBase"]
[SourceDate "2022.10.05"]
[SourceVersion "1"]
[SourceVersionDate "2022.10.05"]
[SourceQuality "1"]

1. d4 d5 2. Nf3 Nc6 3. e3 g6 4. Nbd2 Bg7 5. Rb1 e5 6. dxe5 Nxe5 7. Nxe5 Bxe5 8. Nf3 Bg7 9. Be2 c6 10. 0-0 Nf6 11. b3 Ne4 12. Bb2 Bxb2 13. Rxb2 Nc3 14. Qd3 Qf6 15. Nd4 Nxe2+ 16. Qxe2 0-0 17. Rbb1 a6 18. c4 dxc4 19. Qxc4 Bd7 20. Ne2 Rfd8 21. Qf4 Qxf4 22. Nxf4 Kg7 23. f3 c5 24. Rfd1 Bb5 25. Kf2 Rac8 26. Ke1 Bc6 27. Rxd8 Rxd8 28. Rd1 Re8 29. Kf2 Re5 30. Rd6 Bb5 31. a4 Bc6 32. g3 c4 33. bxc4 Bxa4 34. Rd5 Re7 35. Nd3 Bb3 36. Rc5 Rd7 37. Ke2 Bd1+ 38. Kxd1 Rxd3+ 39. Ke2 Rb3 40. Rd5 Rc3 41. Rd7 Rxc4 42. Rxb7 Rc2+ 43. Kd3 Rxh2 44. Ke4 Rh5 45. Rb3 Ra5 46. g4 Rc5 47. Ra3 Rc6 48. Ra5 Re6+ 49. Kd3 Kf8 50. e4 Ke7 51. f4 Kd7 52. g5 Rd6+ 53. Kc4 Rc6+ 54. Kd4 Rd6+ 55. Kc5 Kc7 56. e5 Rc6+ 57. Kd5 Kb6 58. Ra3 Rc5+ 59. Kd6 Rc4 60. Rf3 a5 61. Ke7 Rc7+ 62. Kd8 Ra7 63. f5 gxf5 64. Rxf5 a4 65. Ke8 a3 66. Rxf7 Rxf7 67. Kxf7 a2 68. e6 a1Q 69. e7 Qf1+ 70. Ke8 Qf5 71. g6 Qxg6+ 72. Kd7 h5 0-1

[Event "Bad Harzburg op 1st"]
[Site "Bad Harzburg"]
[Date "1999.11.26"]
[Round "4.21"]
[White "Scholz, Bodo"]
[Black "Paulat, Horst"]
[Result "1-0"]
[WhiteElo "1000"]
[BlackElo "1420"]
[PlyCount "87"]
[EventDate "1999.11.24"]
[EventType "swiss"]
[EventRounds "7"]
[EventCountry "GER"]
[SourceTitle "EXT 2023"]
[Source "ChessBase"]
[SourceDate "2022.10.05"]
[SourceVersion "1"]
[SourceVersionDate "2022.10.05"]
[SourceQuality "1"]

1. e4 d5 2. exd5 Qxd5 3. Nc3 Qa5 4. b3 Nf6 5. Bb2 c6 6. Qe2 Bf5 7. d4 e6 8. 0-0-0 Ba3 9. Qe1 0-0 10. Ne4 Bxb2+ 11. Kxb2 Qd8 12. Nxf6+ Qxf6 13. Nf3 Nd7 14. h3 Rfd8 15. g4 Bxc2 16. Kxc2 Qxf3 17. Be2 Qf4 18. h4 Nb6 19. Kc3 e5 20. dxe5 Qxe5+ 21. Kc2 Rxd1 22. Qxd1 Re8 23. Bd3 g6 24. h5 Nd5 25. Qd2 Nf4 26. hxg6 hxg6 27. f3 Nxd3 28. Qxd3 Qe2+ 29. Qxe2 Rxe2+ 30. Kb1 Kf8 31. Rh8+ Ke7 32. Rb8 Kd7 33. Rxb7+ Ke6 34. Rxa7 Re3 35. f4 Rf3 36. Ra4 Kd5 37. Kb2 Re3 38. Rc4 Re4 39. Kc3 f5 40. gxf5 gxf5 41. a4 Rxc4+ 42. bxc4+ Kc5 43. a5 Kd6 44. Kb4 1-0

[Event "Bad Harzburg op 1st"]
[Site "Bad Harzburg"]
[Date "1999.11.24"]
[Round "1"]
[White "Paulat, Horst"]
[Black "Schmezko, Stefan"]
[Result "0-1"]
[WhiteElo "1420"]
[BlackElo "2084"]
[PlyCount "64"]
[EventDate "1999.11.24"]
[EventType "swiss"]
[EventRounds "7"]
[EventCountry "GER"]
[SourceTitle "EXT 2023"]
[Source "ChessBase"]
[SourceDate "2022.10.05"]
[SourceVersion "1"]
[SourceVersionDate "2022.10.05"]
[SourceQuality "1"]

1. d4 Nf6 2. Nf3 g6 3. Nbd2 Bg7 4. e3 0-0 5. Bd3 d6 6. e4 Na6 7. c3 c5 8. 0-0 Rb8 9. Re1 b5 10. b3 cxd4 11. cxd4 Nd7 12. Bb2 Nb4 13. Nf1 Nxd3 14. Qxd3 Qb6 15. Rac1 Bb7 16. Rc2 Rbc8 17. Rec1 Rxc2 18. Rxc2 Rc8 19. N1d2 a5 20. a3 Nf8 21. b4 axb4 22. axb4 Ne6 23. Rxc8+ Bxc8 24. e5 Bb7 25. Qc2 Nf4 26. exd6 exd6 27. Ne4 Nd5 28. Ba3 Qa6 29. h3 Qxa3 30. Nxd6 Qa6 31. Nxb7 Qxb7 32. Qc5 Bf8 0-1